000 00567nam a2200181 4500
001 136949
003 ES-MaACL
005 20260505130333.0
007 t|
008 070214s1965 sp r ||||1| cat d
100 _aSaint-Exupéry, Antoine de,
_d1900-1944
_9239169
245 1 0 _aCarta a un jueu /
_cAntoine de Saint-Exupéry ; traducción de Joan Carrera.
260 _aBarcelona :
_bNova Terra,
_c1965.
300 _a46 p. ;
_c16 cm.
700 1 _aCarrera, Joan.
_935626
852 _aES-MaACL
_j2033-F-27
_bR.55990
999 _c136949
_d136949